Cattolici e gli strumenti di comunicazione sociale (I) (Record n. 75732)

Dettagli MARC
000 -LEADER
fixed length control field 01210nam a2200301Ia 4500
001 - CONTROL NUMBER
control field 1972
003 - CONTROL NUMBER IDENTIFIER
control field IT-RoPAU
008 - FIXED-LENGTH DATA ELEMENTS--GENERAL INFORMATION
fixed length control field 130308s9999 xx 000 0 und d
040 ## - CATALOGING SOURCE
Original cataloging agency IT-RoPAU
040 ## - CATALOGING SOURCE
Transcribing agency IT-RoPAU
041 ## - LANGUAGE CODE
Language code of text/sound track or separate title ITALIANO
999 ## - SYSTEM CONTROL NUMBERS (KOHA)
Koha Dewey Subclass [OBSOLETE] SI
100 ## - MAIN ENTRY--PERSONAL NAME
Personal name Fossati Giuseppe
100 ## - MAIN ENTRY--PERSONAL NAME
Miscellaneous information Codice Aut. SPICS: 6506
245 ## - TITLE STATEMENT
Title Cattolici e gli strumenti di comunicazione sociale (I)
245 ## - TITLE STATEMENT
Remainder of title Cattolici e gli Strumenti di Comunicazione Sociale (I)
250 ## - EDITION STATEMENT
Edition statement 1a ed.
260 ## - PUBLICATION, DISTRIBUTION, ETC. (IMPRINT)
Place of publication, distribution, etc. ROMA
260 ## - PUBLICATION, DISTRIBUTION, ETC. (IMPRINT)
Name of publisher, distributor, etc. Ente Dello Spettacolo
260 ## - PUBLICATION, DISTRIBUTION, ETC. (IMPRINT)
Date of publication, distribution, etc. 1964 [1° Ed.:1964 - Ed.Ling.Originale:1964]
300 ## - PHYSICAL DESCRIPTION
Extent "246 p. (prefazione: 12; testo: 234)"
500 ## - GENERAL NOTE
General note Cinema Radio e Televisione nel Decreto Inter Mirifica del Concilio Vaticano Ii Iter del Decreto dottrina del Decreto Problemi Morali e Sociali Arte e Morale Male Morale Diritto all'informazione Opinione Pubblica norme Pastorali Formazione dei Promotori e dei Recettori norme Giuridiche e Organizzative Confronto tra Decreto e Documenti precedenti Punti Fermi di dottrina e Azione Pastorale
650 ## - SUBJECT ADDED ENTRY--TOPICAL TERM
Topical term or geographic name as entry element COMMENTI AI DOCUMENTI ECCLESIASTICI
650 ## - SUBJECT ADDED ENTRY--TOPICAL TERM
Relator term Codice materia Spics: 9102
942 ## - ADDED ENTRY ELEMENTS (KOHA)
Koha item type LIBRO
957 ## -
-- 1
999 ## - SYSTEM CONTROL NUMBERS (KOHA)
-- 2
Dati di copia
Withdrawn status Lost status Damaged status Not for loan Home library Current library Date acquired Total Checkouts Full call number Date last seen Price effective from Koha item type Public note
    Buone Condizioni Not For Loan SPICS-MEDIATECA SPICS-MEDIATECA 08/03/2013   1972 08/03/2013 08/03/2013 LIBRO Progressivo inserimento: 57004 / N. Volumi: 1 Copie: 2 Copia Rara: SI / data import: 1 marzo 2013 - By Epidotti, Trombetti, Vaglietti.
CREDITS: SOCIETA' SAN PAOLO Via A.Severo, 58 - ROMA (RM) & PERIODICI SAN PAOLO SRL Via Giotto, 36 MILANO & CISF Via Giotto, 36 MILANO & EDIZIONI SAN PAOLO SRL,  Piazza Soncino, 5 CINISELLO BALSAMO (MI) -- ITALY